Economic & management sciences. Grade 9 / (Record no. 786865)

MARC details
000 -LEADER
fixed length control field 00923nam a22002417b 4500
003 - CONTROL NUMBER IDENTIFIER
control field 3228
005 - DATE AND TIME OF LATEST TRANSACTION
control field 20260429140310.0
008 - FIXED-LENGTH DATA ELEMENTS--GENERAL INFORMATION
fixed length control field 251003b sa ||||| |||| 00| 0 eng d
020 ## - INTERNATIONAL STANDARD BOOK NUMBER
International Standard Book Number 9781920356576 (paperback)
040 ## - CATALOGING SOURCE
Original cataloging agency MPL
Language of cataloging English
Transcribing agency 3228
Description conventions Resource Description and Access
041 ## - LANGUAGE CODE
Language code of text/sound track or separate title English
082 #0 - DEWEY DECIMAL CLASSIFICATION NUMBER
Classification number 330.076 MARI
100 ## - MAIN ENTRY--PERSONAL NAME
9 (RLIN) 196880
Personal name Maritz, B
Relator term Author
245 ## - TITLE STATEMENT
Title Economic & management sciences. Grade 9 /
Statement of responsibility, etc. B. Maritz
250 ## - EDITION STATEMENT
Edition statement First edition
260 ## - PUBLICATION, DISTRIBUTION, ETC.
Place of publication, distribution, etc. Pietermaritzburg:
Name of publisher, distributor, etc. Shuter & Shooter,
Date of publication, distribution, etc. 2017
300 ## - PHYSICAL DESCRIPTION
Extent viii, 92 pages. :
Other physical details illustrations ;
Dimensions 30 cm.
490 ## - SERIES STATEMENT
Series statement Ace it! study guide
520 ## - SUMMARY, ETC.
Summary, etc. Economic and management sciences grade 9 step-by-step explanations and practice questions to prepare you for your exams. There is a lot of content to learn in economic management sciences.
650 #0 - SUBJECT ADDED ENTRY--TOPICAL TERM
9 (RLIN) 196881
Topical term or geographic name entry element Economics Problems, exercises, etc
700 ## - ADDED ENTRY--PERSONAL NAME
9 (RLIN) 196880
Personal name Maritz, B
Relator term Author
942 ## - ADDED ENTRY ELEMENTS
Source of classification or shelving scheme Dewey Decimal Classification
item type Book
-- 175
-- Naomi Ntsimane
Holdings
Withdrawn status Lost status Damaged status Not for loan Collection code Home library Current library Shelving location Date acquired Total Checkouts Full call number Barcode Date last seen Date last checked out Price effective from item type Source of classification or shelving scheme Cost, normal purchase price
        300: Social Science Standerton Regional Library AMERSFOORT (do not use) Reference 29.04.2026   ST 330.076 MARI 3228200044129 29.04.2026   29.04.2026 Book Dewey Decimal Classification 170.00
        300: Social Science Davel Public Library Davel Public Library Non Fiction 26.02.2025 1 ST 330 MARI 3300302520628 07.03.2025 26.02.2025 26.02.2025 Book    
        300: Social Science Standerton Regional Library Evander Reference 29.04.2026   ST 330.076 MARI 3228200044134 29.04.2026   29.04.2026 Book Dewey Decimal Classification 170.00
        300: Social Science Standerton Regional Library Grootvlei Reference 29.04.2026   ST 330.076 MARI 3228200044133 29.04.2026   29.04.2026 Book Dewey Decimal Classification 170.00
        300: Social Science Standerton Regional Library Lebohang Reference 29.04.2026   ST 330.076 MARI 3228200044136 29.04.2026   29.04.2026 Book Dewey Decimal Classification 170.00
        300: Social Science Standerton Regional Library Milan Park Reference 29.04.2026   ST 330.076 MARI 3228200044127 29.04.2026   29.04.2026 Book Dewey Decimal Classification 170.00
        300: Social Science Standerton Regional Library Milan Park Reference 29.04.2026   ST 330.076 MARI 3228200044128 29.04.2026   29.04.2026 Book Dewey Decimal Classification 170.00
        300: Social Science Standerton Regional Library Morgenzon Reference 29.04.2026   ST 330.076 MARI 3228200044132 29.04.2026   29.04.2026 Book Dewey Decimal Classification 170.00
        300: Social Science KWAMHLANGA REGIONAL LIBRARY SIYABUSWA Non Fiction 03.10.2025   330.076 MARI 33228024462788 03.10.2025   03.10.2025 Book Dewey Decimal Classification  
        300: Social Science Standerton Regional Library Sakhile public library Reference 29.04.2026   ST 330.076 MARI 3228200044126 29.04.2026   29.04.2026 Book Dewey Decimal Classification 170.00
        300: Social Science Silindile Public Library Silindile Public Library General Stacks 18.05.2026   ST 330.076 MARI 3228200025498 18.05.2026   18.05.2026 Book Dewey Decimal Classification 170.00
        300: Social Science Standerton Regional Library Standerton Public Library Reference 29.04.2026   ST 330.076 MARI 3228200044130 29.04.2026   29.04.2026 Book Dewey Decimal Classification 170.00
        300: Social Science Standerton Regional Library Thuthukani Reference 29.04.2026   ST 330.076 MARI 3228200044135 29.04.2026   29.04.2026 Book Dewey Decimal Classification 170.00
        300: Social Science Standerton Regional Library Trichardt Reference 29.04.2026   ST 330.076 MARI 3228200044131 29.04.2026   29.04.2026 Book Dewey Decimal Classification 170.00